[Event "George Trundle Qualifiers 2016"]
[Site "Auckland"]
[Date "2016.07.15"]
[Round "7.1"]
[White "Morrell, Gordon"]
[Black "Milligan, Helen"]
[Result "1/2-1/2"]
[LiveChessVersion "1.4.8"]
[BlackElo "2053"]
[WhiteElo "2077"]

1. f4 {[%clk 1:30:57]} Nf6 {[%clk 1:28:58]} 2. Nf3 {[%clk 1:31:12]} d5
{[%clk 1:28:36]} 3. e3 {[%clk 1:28:51]} c5 {[%clk 1:28:46]} 4. b3
{[%clk 1:28:24]} Nc6 {[%clk 1:27:34]} 5. Bb2 {[%clk 1:28:10]} e6 {[%clk 1:24:02]}
6. Bb5 {[%clk 1:23:20]} Bd7 {[%clk 1:20:11]} 7. O-O {[%clk 1:20:47]} Bd6
{[%clk 1:15:10]} 8. Qe2 {[%clk 1:09:05]} Qe7 {[%clk 1:12:10]} 9. Ne5
{[%clk 1:06:07]} O-O {[%clk 1:10:11]} 10. d3 {[%clk 0:53:05]} Rac8
{[%clk 0:59:03]} 11. c4 {[%clk 0:50:36]} a6 {[%clk 0:56:38]} 12. Ba4
{[%clk 0:46:53]} Na7 {[%clk 0:49:54]} 13. Nxd7 {[%clk 0:40:46]} Nxd7
{[%clk 0:50:03]} 14. Bxd7 {[%clk 0:37:56]} Qxd7 {[%clk 0:50:28]} 15. Nc3
{[%clk 0:35:03]} Bb8 {[%clk 0:45:36]} 16. Qf3 {[%clk 0:27:35]} Rfd8
{[%clk 0:37:47]} 17. cxd5 {[%clk 0:17:54]} exd5 {[%clk 0:38:01]} 18. e4
{[%clk 0:17:35]} d4 {[%clk 0:34:56]} 19. Nd5 {[%clk 0:16:54]} Rc6
{[%clk 0:34:46]} 20. Rac1 {[%clk 0:14:28]} Nc8 {[%clk 0:34:48]} 21. b4
{[%clk 0:13:46]} Ba7 {[%clk 0:31:01]} 22. bxc5 {[%clk 0:12:36]} Bxc5
{[%clk 0:28:45]} 23. Rc2 {[%clk 0:11:37]} Ne7 {[%clk 0:28:44]} 24. Nxe7+
{[%clk 0:05:35]} 1/2-1/2

[Event "George Trundle Qualifiers 2016"]
[Site "Auckland"]
[Date "2016.07.15"]
[Round "7.2"]
[White "Gibbons, Robert E"]
[Black "Gong, Daniel Hanwen"]
[Result "0-1"]
[LiveChessVersion "1.4.8"]
[BlackElo "2042"]
[WhiteElo "2008"]

1. d4 {[%clk 1:30:25]} Nf6 {[%clk 1:30:57]} 2. Nf3 {[%clk 1:30:40]} g6
{[%clk 1:31:22]} 3. g3 {[%clk 1:31:04]} Bg7 {[%clk 1:31:49]} 4. Bg2
{[%clk 1:31:25]} O-O {[%clk 1:32:13]} 5. O-O {[%clk 1:31:46]} d6 {[%clk 1:32:35]}
6. c4 {[%clk 1:29:19]} Nbd7 {[%clk 1:32:23]} 7. Nc3 {[%clk 1:29:25]} e5
{[%clk 1:31:54]} 8. dxe5 {[%clk 1:28:28]} dxe5 {[%clk 1:32:18]} 9. Qc2
{[%clk 1:27:53]} c6 {[%clk 1:32:12]} 10. b3 {[%clk 1:26:03]} Qc7 {[%clk 1:31:34]}
11. Bb2 {[%clk 1:25:44]} Re8 {[%clk 1:29:54]} 12. e4 {[%clk 1:24:35]} a5
{[%clk 1:26:55]} 13. Qe2 {[%clk 1:15:02]} Nc5 {[%clk 1:25:27]} 14. Rad1
{[%clk 1:10:37]} Bg4 {[%clk 1:22:07]} 15. Ba3 {[%clk 1:10:11]} Bf8
{[%clk 1:21:00]} 16. h3 {[%clk 1:08:56]} Bxf3 {[%clk 1:17:03]} 17. Bxf3
{[%clk 1:09:05]} Ne6 {[%clk 1:14:22]} 18. Bxf8 {[%clk 1:08:27]} Rxf8
{[%clk 1:14:19]} 19. Bg2 {[%clk 1:08:25]} Rfd8 {[%clk 1:12:13]} 20. Kh2
{[%clk 1:02:00]} h5 {[%clk 1:04:40]} 21. Qe3 {[%clk 0:56:24]} h4 {[%clk 0:51:07]}
22. Bf3 {[%clk 0:52:45]} Kg7 {[%clk 0:50:26]} 23. Kg2 {[%clk 0:51:09]} Rh8
{[%clk 0:46:24]} 24. Ne2 {[%clk 0:50:11]} Qe7 {[%clk 0:43:07]} 25. Qc3
{[%clk 0:49:01]} Ng5 {[%clk 0:42:12]} 26. g4 {[%clk 0:48:41]} Nfxe4
{[%clk 0:41:12]} 27. Bxe4 {[%clk 0:47:19]} Nxe4 {[%clk 0:41:38]} 28. Qc2
{[%clk 0:47:02]} Ng5 {[%clk 0:41:04]} 29. f4 {[%clk 0:44:35]} exf4
{[%clk 0:40:19]} 30. Nxf4 {[%clk 0:45:02]} Rhe8 {[%clk 0:38:20]} 31. Rde1
{[%clk 0:42:12]} Qc5 {[%clk 0:35:42]} 32. Qc3+ {[%clk 0:39:40]} Kh6
{[%clk 0:34:52]} 33. Nd3 {[%clk 0:39:08]} Qd6 {[%clk 0:33:51]} 34. Ne5
{[%clk 0:37:53]} f6 {[%clk 0:27:35]} 35. c5 {[%clk 0:37:43]} Qd5+
{[%clk 0:27:43]} 36. Nf3 {[%clk 0:38:09]} Kg7 {[%clk 0:22:21]} 37. Rd1
{[%clk 0:33:31]} Re2+ {[%clk 0:20:16]} 38. Kh1 {[%clk 0:33:50]} Nxf3
{[%clk 0:18:20]} 39. Qxf3 {[%clk 0:34:16]} Qxf3+ {[%clk 0:14:23]} 40. Rxf3
{[%clk 1:04:44]} Rae8 {[%clk 0:44:23]} 41. a3 {[%clk 0:58:37]} g5
{[%clk 0:41:03]} 42. b4 {[%clk 0:51:38]} axb4 {[%clk 0:39:25]} 43. Rd7+
{[%clk 0:51:43]} R8e7 {[%clk 0:39:48]} 44. Rxe7+ {[%clk 0:51:49]} Rxe7
{[%clk 0:40:15]} 45. axb4 {[%clk 0:52:09]} Re1+ {[%clk 0:40:42]} 46. Kg2
{[%clk 0:51:58]} Rb1 {[%clk 0:41:08]} 47. Rd3 {[%clk 0:52:10]} Rxb4
{[%clk 0:41:33]} 48. Rd7+ {[%clk 0:51:59]} Kg6 {[%clk 0:41:56]} 49. Kh2
{[%clk 0:52:16]} Rb2+ {[%clk 0:40:57]} 50. Kg1 {[%clk 0:52:08]} Rb5
{[%clk 0:41:26]} 51. Kh2 {[%clk 0:52:23]} Rxc5 {[%clk 0:41:33]} 52. Rxb7
{[%clk 0:52:50]} f5 {[%clk 0:40:32]} 53. gxf5+ {[%clk 0:52:59]} Kxf5
{[%clk 0:40:59]} 54. Rb4 {[%clk 0:51:54]} Rc2+ {[%clk 0:40:40]} 55. Kh1
{[%clk 0:51:24]} c5 {[%clk 0:41:07]} 56. Rg4 {[%clk 0:50:21]} Re2
{[%clk 0:40:55]} 57. Rc4 {[%clk 0:50:36]} Re5 {[%clk 0:41:20]} 58. Rc1
{[%clk 0:48:08]} Ke4 {[%clk 0:41:24]} 59. Kg2 {[%clk 0:48:13]} Rf5
{[%clk 0:41:25]} 60. Rd1 {[%clk 0:48:06]} c4 {[%clk 0:41:48]} 61. Rd8
{[%clk 0:47:44]} c3 {[%clk 0:41:48]} 62. Rd7 {[%clk 0:47:28]} Rc5
{[%clk 0:41:02]} 63. Re7+ {[%clk 0:46:28]} Kd3 {[%clk 0:41:24]} 64. Kf2
{[%clk 0:46:30]} c2 {[%clk 0:41:44]} 65. Re3+ {[%clk 0:46:26]} Kd4
{[%clk 0:42:08]} 0-1

[Event "George Trundle Qualifiers 2016"]
[Site "Auckland"]
[Date "2016.07.15"]
[Round "7.3"]
[White "Bennett, Hilton P"]
[Black "Nyberg, Michael"]
[Result "1-0"]
[LiveChessVersion "1.4.8"]
[BlackElo "1930"]
[WhiteElo "1977"]

1. e4 {[%clk 1:30:12]} e6 {[%clk 1:30:38]} 2. d3 {[%clk 1:30:15]} b6
{[%clk 1:28:38]} 3. f4 {[%clk 1:29:26]} Bb7 {[%clk 1:28:38]} 4. Nf3
{[%clk 1:29:27]} c5 {[%clk 1:28:47]} 5. g3 {[%clk 1:26:23]} Nc6 {[%clk 1:24:05]}
6. Bg2 {[%clk 1:25:27]} Nf6 {[%clk 1:21:02]} 7. O-O {[%clk 1:21:43]} Be7
{[%clk 1:20:10]} 8. Nc3 {[%clk 1:20:17]} d6 {[%clk 1:17:28]} 9. h3
{[%clk 1:17:51]} Qd7 {[%clk 1:11:28]} 10. Be3 {[%clk 1:15:48]} h6
{[%clk 1:04:42]} 11. Qe2 {[%clk 1:10:21]} O-O-O {[%clk 0:59:20]} 12. Bf2
{[%clk 1:06:59]} Rdg8 {[%clk 0:55:52]} 13. a3 {[%clk 1:04:04]} g5
{[%clk 0:54:42]} 14. b4 {[%clk 0:59:41]} gxf4 {[%clk 0:49:30]} 15. bxc5
{[%clk 0:54:50]} fxg3 {[%clk 0:47:57]} 16. Be3 {[%clk 0:54:59]} dxc5
{[%clk 0:47:37]} 17. a4 {[%clk 0:47:54]} Ne8 {[%clk 0:43:48]} 18. a5
{[%clk 0:43:55]} Bf6 {[%clk 0:34:13]} 19. Qd2 {[%clk 0:42:47]} Bd8
{[%clk 0:30:05]} 20. axb6 {[%clk 0:37:11]} axb6 {[%clk 0:30:26]} 21. Nb5
{[%clk 0:34:01]} Nc7 {[%clk 0:29:15]} 22. Na7+ {[%clk 0:30:58]} Nxa7
{[%clk 0:24:23]} 23. Ne5 {[%clk 0:30:32]} Qe7 {[%clk 0:20:20]} 24. Rxf7
{[%clk 0:26:41]} Qe8 {[%clk 0:15:02]} 25. Rxa7 {[%clk 0:25:16]} Qb5
{[%clk 0:12:49]} 26. Nc4 {[%clk 0:23:02]} Be7 {[%clk 0:03:21]} 27. Rxe7
{[%clk 0:20:28]} Qb1+ {[%clk 0:03:36]} 28. Qc1 {[%clk 0:20:51]} Qxc1+
{[%clk 0:02:59]} 29. Bxc1 {[%clk 0:21:06]} Kb8 {[%clk 0:03:06]} 30. Ra1
{[%clk 0:17:56]} b5 {[%clk 0:03:20]} 31. Nb6 {[%clk 0:15:11]} e5 {[%clk 0:01:05]}
32. Nd7+ {[%clk 0:14:05]} Kc8 {[%clk 0:01:27]} 33. Nxc5 {[%clk 0:13:01]} Bc6
{[%clk 0:01:25]} 34. Rxe5 {[%clk 0:09:56]} Rf8 {[%clk 0:01:25]} 35. Be3
{[%clk 0:08:30]} Rf6 {[%clk 0:01:27]} 36. Rf1 {[%clk 0:08:05]} Rhf8
{[%clk 0:01:47]} 37. Rxf6 {[%clk 0:08:15]} Rxf6 {[%clk 0:02:16]} 38. Rf5
{[%clk 0:07:38]} 1-0

[Event "George Trundle Qualifiers 2016"]
[Site "Auckland"]
[Date "2016.07.15"]
[Round "7.4"]
[White "Macdonald, Paul"]
[Black "Ang, Alphaeus Wei Ern"]
[Result "1-0"]
[LiveChessVersion "1.4.8"]
[BlackElo "2087"]
[WhiteElo "1989"]

1. d4 {[%clk 1:27:44]} Nf6 {[%clk 1:30:55]} 2. c4 {[%clk 1:28:07]} g6
{[%clk 1:31:20]} 3. Nc3 {[%clk 1:27:27]} Bg7 {[%clk 1:31:44]} 4. e4
{[%clk 1:27:49]} d6 {[%clk 1:32:05]} 5. f4 {[%clk 1:28:07]} O-O {[%clk 1:32:26]}
6. Nf3 {[%clk 1:28:29]} c5 {[%clk 1:32:42]} 7. d5 {[%clk 1:28:36]} e6
{[%clk 1:32:58]} 8. Be2 {[%clk 1:28:54]} exd5 {[%clk 1:33:21]} 9. cxd5
{[%clk 1:29:17]} Re8 {[%clk 1:33:32]} 10. e5 {[%clk 1:29:28]} dxe5
{[%clk 1:33:45]} 11. fxe5 {[%clk 1:29:50]} Ng4 {[%clk 1:34:02]} 12. Bg5
{[%clk 1:30:02]} Qb6 {[%clk 1:33:09]} 13. O-O {[%clk 1:29:46]} Nxe5
{[%clk 1:32:16]} 14. Nxe5 {[%clk 1:30:08]} Bxe5 {[%clk 1:32:03]} 15. Bc4
{[%clk 1:27:54]} Qxb2 {[%clk 1:19:08]} 16. d6 {[%clk 1:05:25]} Bd4+
{[%clk 1:11:23]} 17. Kh1 {[%clk 1:05:45]} Be6 {[%clk 1:11:39]} 18. Bxe6
{[%clk 1:04:36]} fxe6 {[%clk 0:53:59]} 19. Qf3 {[%clk 0:53:49]} Nd7
{[%clk 0:52:49]} 20. Qf7+ {[%clk 0:50:32]} Kh8 {[%clk 0:53:16]} 21. Qxd7
{[%clk 0:49:03]} Bxc3 {[%clk 0:49:11]} 22. Rad1 {[%clk 0:40:07]} Qe2
{[%clk 0:46:17]} 23. Be7 {[%clk 0:35:42]} Bd4 {[%clk 0:24:35]} 24. Qc7
{[%clk 0:24:33]} Rec8 {[%clk 0:21:24]} 25. Qxb7 {[%clk 0:22:01]} Rab8
{[%clk 0:15:57]} 26. d7 {[%clk 0:20:00]} Rd8 {[%clk 0:14:55]} 27. Qc6
{[%clk 0:10:32]} Rg8 {[%clk 0:10:26]} 28. Rfe1 {[%clk 0:07:54]} Qf2
{[%clk 0:07:04]} 29. Qxe6 {[%clk 0:07:49]} Rb2 {[%clk 0:03:59]} 30. Qxg8+
{[%clk 0:07:59]} Kxg8 {[%clk 0:04:25]} 31. d8=Q+ {[%clk 0:08:13]} Kg7
{[%clk 0:04:46]} 32. Bf8+ {[%clk 0:06:35]} Qxf8 {[%clk 0:03:10]} 33. Re7+
{[%clk 0:06:54]} Kg8 {[%clk 0:02:07]} 34. Re8 {[%clk 0:06:50]} Rf2
{[%clk 0:01:52]} 35. Rxf8+ {[%clk 0:06:40]} Rxf8 {[%clk 0:02:17]} 36. Qd5+
{[%clk 0:05:42]} Kg7 {[%clk 0:02:38]} 37. h3 {[%clk 0:05:17]} Rf5
{[%clk 0:02:48]} 38. Qe6 {[%clk 0:04:25]} Rf6 {[%clk 0:02:56]} 39. Qe4
{[%clk 0:04:06]} Rf7 {[%clk 0:03:04]} 40. Rb1 {[%clk 0:34:20]} Kh6
{[%clk 0:32:33]} 41. Kh2 {[%clk 0:32:33]} Rf5 {[%clk 0:32:27]} 42. Qh4+
{[%clk 0:28:55]} Kg7 {[%clk 0:31:55]} 43. Rb7+ {[%clk 0:29:16]} Rf7
{[%clk 0:30:58]} 44. Rxf7+ {[%clk 0:29:28]} Kxf7 {[%clk 0:31:23]} 45. Qxh7+
{[%clk 0:29:49]} Kf6 {[%clk 0:31:49]} 46. Qxa7 {[%clk 0:30:01]} Kg5
{[%clk 0:32:10]} 47. Qf7 {[%clk 0:29:48]} Be5+ {[%clk 0:31:50]} 48. g3
{[%clk 0:30:13]} c4 {[%clk 0:31:58]} 49. h4+ {[%clk 0:29:33]} Kg4
{[%clk 0:32:16]} 50. Qe6+ {[%clk 0:29:55]} Kf3 {[%clk 0:32:39]} 51. Qxe5
{[%clk 0:30:18]} c3 {[%clk 0:33:04]} 52. Qxc3+ {[%clk 0:30:29]} Kf2
{[%clk 0:33:30]} 53. g4 {[%clk 0:29:41]} Kf1 {[%clk 0:33:48]} 54. Qb2
{[%clk 0:29:31]} Ke1 {[%clk 0:34:04]} 55. Kg3 {[%clk 0:29:54]} Kd1
{[%clk 0:34:25]} 56. Kf3 {[%clk 0:30:18]} g5 {[%clk 0:34:48]} 57. hxg5
{[%clk 0:30:21]} Ke1 {[%clk 0:35:15]} 58. Qc1# {[%clk 0:30:43]} 1-0

[Event "George Trundle Qualifiers 2016"]
[Site "Auckland"]
[Date "2016.07.15"]
[Round "7.5"]
[White "Duneas, John"]
[Black "Fan, Allen Chi Zhou"]
[Result "1-0"]
[LiveChessVersion "1.4.8"]
[BlackElo "1843"]
[WhiteElo "2100"]

1. e4 {[%clk 1:30:50]} e6 {[%clk 1:30:48]} 2. d4 {[%clk 1:31:03]} d5
{[%clk 1:31:14]} 3. Nd2 {[%clk 1:30:50]} Be7 {[%clk 1:31:16]} 4. Bd3
{[%clk 1:30:15]} c5 {[%clk 1:31:38]} 5. c3 {[%clk 1:30:18]} Nc6 {[%clk 1:31:55]}
6. Ne2 {[%clk 1:30:08]} Nf6 {[%clk 1:31:29]} 7. e5 {[%clk 1:30:06]} Nd7
{[%clk 1:31:53]} 8. O-O {[%clk 1:29:57]} Qc7 {[%clk 1:07:00]} 9. Nf3
{[%clk 1:26:36]} h6 {[%clk 1:05:49]} 10. a3 {[%clk 1:26:23]} Nf8 {[%clk 1:05:00]}
11. b4 {[%clk 1:23:50]} c4 {[%clk 1:05:06]} 12. Bc2 {[%clk 1:24:05]} Bd7
{[%clk 1:05:14]} 13. a4 {[%clk 1:24:17]} a5 {[%clk 1:05:23]} 14. b5
{[%clk 1:22:17]} Nd8 {[%clk 1:04:25]} 15. Ng3 {[%clk 1:21:19]} f5
{[%clk 1:03:33]} 16. exf6 {[%clk 1:21:12]} gxf6 {[%clk 1:00:49]} 17. Nh5
{[%clk 1:19:41]} Nf7 {[%clk 1:00:41]} 18. Re1 {[%clk 1:17:39]} O-O-O
{[%clk 0:54:12]} 19. Bf4 {[%clk 1:15:59]} Qb6 {[%clk 0:53:40]} 20. Nh4
{[%clk 1:15:54]} f5 {[%clk 0:53:04]} 21. Nxf5 {[%clk 1:15:19]} exf5
{[%clk 0:49:27]} 22. Rxe7 {[%clk 1:15:27]} Nd6 {[%clk 0:49:24]} 23. Nf6
{[%clk 1:12:29]} Be6 {[%clk 0:48:33]} 24. Rxe6 {[%clk 0:55:12]} Nxe6
{[%clk 0:48:35]} 25. Nxd5 {[%clk 0:55:29]} Qa7 {[%clk 0:48:22]} 26. Ne7+
{[%clk 0:53:07]} Kd7 {[%clk 0:47:36]} 27. Bxd6 {[%clk 0:53:01]} Kxd6
{[%clk 0:47:07]} 28. Nxf5+ {[%clk 0:53:19]} Kd7 {[%clk 0:43:03]} 29. Qf3
{[%clk 0:53:06]} Kc8 {[%clk 0:37:14]} 30. Qg3 {[%clk 0:49:53]} Qb6
{[%clk 0:35:13]} 31. Re1 {[%clk 0:50:15]} Rhe8 {[%clk 0:33:30]} 32. Re5
{[%clk 0:48:56]} Qc7 {[%clk 0:28:01]} 33. Qe3 {[%clk 0:47:07]} Qd7
{[%clk 0:23:57]} 34. d5 {[%clk 0:41:04]} Nc7 {[%clk 0:22:18]} 35. d6
{[%clk 0:29:22]} Rxe5 {[%clk 0:19:45]} 36. Qxe5 {[%clk 0:29:07]} Ne8
{[%clk 0:19:52]} 37. b6 {[%clk 0:25:24]} Nxd6 {[%clk 0:17:50]} 38. Qxa5
{[%clk 0:22:01]} Qe6 {[%clk 0:16:53]} 39. Qc5+ {[%clk 0:21:32]} Kb8
{[%clk 0:15:38]} 40. Qc7+ {[%clk 0:51:31]} Ka8 {[%clk 0:46:00]} 41. Qxd8+
{[%clk 0:51:45]} Nc8 {[%clk 0:46:22]} 42. Ne3 {[%clk 0:50:59]} 1-0